000 00299nam a2200121Ia 4500
008 220204s9999 xx 000 0 und d
082 _a541.12.038
_bMAN
100 _aManahan, Stanley E
245 0 _aEnvironmental chemistry
250 _aEd.2
260 _aBoston
_bWillard Grant
_c1975
942 _cBK
999 _c31964
_d31964